| 000 | 02334nam a2200217Ia 4500 | ||
|---|---|---|---|
| 003 | Ost | ||
| 005 | 20260507075631.0 | ||
| 008 | 260507s9999||||xx |||||||||||||| ||und|| | ||
| 020 | _a5275036977 | ||
| 040 | _cfsecg | ||
| 041 | _aara | ||
| 082 | _a341.09 | ||
| 100 |
_aحسن، احمد ابراهيم _eمؤلف |
||
| 245 | 0 |
_aتنازع القوانين عن الشرائع القديمة / _c احمد ابراهيم حسن |
|
| 260 |
_aالاسكندرية: _bدار المطبوعات الجامعية, _c1996 |
||
| 300 |
_a236 صفحة؛ _c24 سم |
||
| 504 | _aالمراجع ص.221 | ||
| 520 | _aمقدمة-الفصل الأول : تنازع القوانين الدولي : المبحث الأول : العوامل التي أعاقت تطور القانون الدولي الخاص في المجتمعات القديمة : المطلب الأول : اختلاف مفهوم الدولة والعلاقات الدولية في العالم القديم عن العصر الحديث : المطلب الثاني : عدم الاعتراف للأجنبي بالشخصية القانونية : المبحث الثاني : وسائل حل مشكلة تنازع القوانين في الشرائع القديمة : المطلب الأول : دور الأعراف الدولية في التخفيف من مبدأ عدم الاعتراف للأجنبي بالشخصية القانونية : المطلب الثاني : المعاهدات الدولية-الفصل الثاني : تنازع القوانين الداخلي : المبحث الأول : تنازع القوانين في الامبراطورية الرومانية : المطلب الأول : تعدد القوانين في الأمبراطورية الرومانية : المطلب الثاني : قانون الشعوب ومشكلة تنازع القوانين في الامبراطورية الرومانية : المبحث الثاني : تنازع القوانين في مصر البطلمية والرومانية : المطلب الأول : تنازع القوانين في مصر البطلمية : الفرع الأول : تعدد القوانين في مصر البطلمية : المطلب الثاني : تنازع القوانين في مصر الرومانية-الخاتمة | ||
| 653 | _aالقانون الدولي - تاريخ | ||
| 942 | _cكتاب | ||
| 999 |
_c45199 _d45199 |
||